000
00319nam a2200109Ia 4500
008
200302s9999 xx 000 0 und d
100
_a
Hilton Brussels
245
_a
Montois Partners : The Master Architect Series Iv Selected And Current Works
260
_b
Images Publishing, Austraila
260
_c
2001
300
_a
256 P
999
_c
4774
_d
4774